Times por Escudo - Liga MX 23/24 - Statistics

Estatísticas Gerais
  • Esse quiz foi jogado 117 vezes
  • A pontuação média é 12 de 18
Estatísticas das Respostas
Imagem Resposta % Correto
Club América
99%
Tigres UANL
96%
Chivas Guadalajara
91%
Monterrey
89%
Pumas UNAM
85%
Cruz Azul
82%
León
81%
Club Tijuana
77%
Pachuca
73%
Atlas
70%
Querétaro
64%
Santos Laguna
63%
Necaxa
51%
Toluca
44%
Juárez
41%
Puebla
37%
San Luis
35%
Mazatlán
32%
Nenhum quiz correspondente encontrado
Distribuição das Pontuações
Porcentagem de Pessoas com Cada Pontuação
Percentil de Números Respondidos
Sua Pontuação Histórica
Você não jogou esse quiz